000 00728nam a22002777a 4500
001 BR7905870
003 BR-BrBNA
005 20230928090113.0
007 ta
008 230509b bl.||||| |||| 00| 0 por d
040 _aBR-BrBNA
_bpor
_cBiblioteca Nacional de Agricultura
041 _a(Por)
072 _aF00
_b3359
_b/G514
090 _ 3359 BR7905870
100 1 _aSilva, W.
245 1 _aCultivo de orquideas no Brasil [Orchidaceae]
250 1 _a5. ed.
260 3 _aSao Paulo, sp (Brasil):
_bLivraria Nobel S.A.,
_c1979.
300 _a96 p.
500 _a34 illus.
650 _aProducao vegetal
650 _aOrquidea
650 _aPratica cultural
909 _a202309
_bLucia
_c55
_dLucia Elande
942 _cBK
999 _c27828
_d27828